00485 2200193 4500001002100000005001500021035002000036245006400056100001200120300002700132260004000159082000800199084001400207020002200221990001200243990001200255990001200267990001200279INLIS00000000000184220250508014802 a0010-05250001341 aKamus Teknologi Informasi dan Komunikasi ( TIK ) /cTriyani0 aTriyani a76 hlm ;c17,5 x 25 cm aJakarta :bPT. Multazam Mulia Utama a600 a600 TRI k a978-602-8506-16-8 a0754759 a0754760 a0754761 a0754762